Земледелие (Запись № 11977659)

Подробности
000 -МАРКЕР
контрольное поле 02224nam0a2200325 4500
001 - ИДЕНТИФИКАТОР ЗАПИСИ
контрольное поле RU\NLR\BIBL_A\011497181
005 - ИДЕНТИФИКАТОР ВЕРСИИ
контрольное поле 20260503055958.0
010 ## - МЕЖДУНАРОДНЫЙ СТАНДАРТНЫЙ НОМЕР КНИГИ (ISBN)
Номер (ISBN) 9785950068355
Тираж 500
021 ## - НОМЕР ГОСУДАРСТВЕННОЙ РЕГИСТРАЦИИ
Код страны Российская Федерация
Номер 2017-70082
Номер Листа государственной регистраци 4977
035 ## - ДРУГИЕ СИСТЕМНЫЕ НОМЕРА
Идентификатор записи (RuMoRGB)009394827
035 ## - ДРУГИЕ СИСТЕМНЫЕ НОМЕРА
Идентификатор записи (NLR Aleph) 011497181
100 ## - ДАННЫЕ ОБЩЕЙ ОБРАБОТКИ
Данные общей обработки 20171016d2017 k y0rusy50 ca
101 0# - ЯЗЫК РЕСУРСА
Язык текста, звукозаписи и т.д. русский
102 ## - СТРАНА ПУБЛИКАЦИИ ИЛИ ПРОИЗВОДСТВА
Страна публикации Российская Федерация
105 ## - ПОЛЕ КОДИРОВАННЫХ ДАННЫХ: ТЕКСТОВЫЕ МАТЕРИАЛЫ, МОНОГРАФИЧЕСКИЕ
Кодированные данные о монографическом текстовом документе a j 000zy
200 1# - ЗАГЛАВИЕ И СВЕДЕНИЯ ОБ ОТВЕТСТВЕННОСТИ
Основное заглавие Земледелие
Сведения, относящиеся к заглавию учебное пособие для студентов направления подготовки бакалавр 110400.62 по специальности "Агрономия"
Первые сведения об ответственности Д. А. Уполовников, Е. П. Денисов, К. Е. Денисов [и др.]
Последующие сведения об ответственности Министерство сельского хозяйства Российской Федерации, Федеральное государственное бюджетное образовательное учреждение высшего образования "Саратовский государственный аграрный университет имени Н. И. Вавилова"
210 ## - ПУБЛИКАЦИЯ, РАСПРОСТРАНЕНИЕ И ДР.
Место издания, распространения и т.д. Саратов
Имя издателя, распространителя и т. д. Федеральное государственное бюджетное образовательное учреждение высшего образования "Саратовский государственный аграрный университет им. Н. И. Вавилова"
-- Амирит
Дата издания, распространения и т.д. 2017
215 ## - ФИЗИЧЕСКАЯ ХАРАКТЕРИСТИКА
Специфическое обозначение материала и объем 283 с.
Другие сведения о физической характеристике цв. ил.
Размеры 21
320 ## - ПРИМЕЧАНИЯ О НАЛИЧИИ В ДОКУМЕНТЕ БИБЛИОГРАФИИ / УКАЗАТЕЛЯ
Текст примечания Библиогр.: с. 279-280
606 1# - НАИМЕНОВАНИЕ ТЕМЫ КАК ПРЕДМЕТ
Наименование темы Земледелие
Формальный подзаголовок Учебные издания для высших учебных заведений
Системный номер авторитетной/нормативной записи 901031
Идентификатор авторитетной/нормативной записи RU\NLR\AUTH\667501
686 ## - ИНДЕКСЫ ДРУГИХ КЛАССИФИКАЦИЙ
Индекс П14я73-1
Код системы
686 1# - ИНДЕКСЫ ДРУГИХ КЛАССИФИКАЦИЙ
Индекс П14я73
701 #1 - ИМЯ ЛИЦА - АЛЬТЕРНАТИВНАЯ ОТВЕТСТВЕННОСТЬ
Начальный элемент ввода Уполовников
Часть имени, кроме начального элемента ввода Д. А.
Расширение инициалов личного имени Дмитрий Александрович
701 #1 - ИМЯ ЛИЦА - АЛЬТЕРНАТИВНАЯ ОТВЕТСТВЕННОСТЬ
Графика поля Кириллица
Материалы, к которым относится поле rus
Начальный элемент ввода Денисов
Часть имени, кроме начального элемента ввода Е. П.
Дополнения к именам, кроме дат д-р с.-х. наук
Даты 1939-2018
Расширение инициалов личного имени Евгений Петрович
Системный номер авторитетной/нормативной записи 181017
Идентификатор авторитетной/нормативной записи RU\NLR\AUTH\770181068
701 #1 - ИМЯ ЛИЦА - АЛЬТЕРНАТИВНАЯ ОТВЕТСТВЕННОСТЬ
Начальный элемент ввода Денисов
Часть имени, кроме начального элемента ввода К. Е.
Дополнения к именам, кроме дат д-р с.-х. наук
Расширение инициалов личного имени Константин Евгеньевич
Системный номер авторитетной/нормативной записи 132325
Идентификатор авторитетной/нормативной записи RU\NLR\AUTH\770132359
942 ## - ДОПОЛНИТЕЛЬНЫЕ ЭЛЕМЕНТЫ ЗАПИСИ (АБИС)
Тип экземпляра АБИС Книга
980 ## - КОЛЛЕКЦИЯ
Название коллекции НБР

Нет доступных экземпляров.